000 00190 a2200097 4500
001 6433
100 _aMons, B
245 _ahigh Road to Hunza
260 _a
_bFaber
_c
090 _c5293
_d5293
942 _aNUST-CAE
_cM
_c31704
999 _c241506
_d241506